000 00441nam a2200181Ia 4500
001 512
005 20260306140523.0
008 260306t2013||||xx |||||||||||||| ||spa||
041 _aESP
082 _a121.68
_bG12
100 _aGadamer, Hans-Georg
_eAUT
245 0 _aHermenéutica, estética e historia :
_bantología
260 _c2013
300 _a382 páginas :
_c21 cm.
650 _aGEN
654 _aCHU
942 _cLIB
_dJUS
_fJUS
_2ddc
_n
999 _c512
_d512